000 00462nam a2200169Ia 4500
005 20250508161830.0
008 008 250505s9999 xx 000 0 eng d
037 _aBooks to be hide in OPAC
040 _aFEDL
_beng
_cFEDL
041 _aeng
_2eng
084 _qFEDL
245 0 _aPolitical science: A selected bibliography
260 _aNew Delhi, India
_bUnited States Information Service
300 _a35p.
942 _cHB
999 _c1372532
_d1372532